Diccionario de la Lengua Española. Tomo II
Збережено в:
| Співавтор: | |
|---|---|
| Формат: | Книга |
| Мова: | Undetermined |
| Опубліковано: |
Madrid, España
Espasa Calpe, S.A.
2001
|
| Редагування: | 22 |
| Предмети: | |
| Теги: |
Додати тег
Немає тегів, Будьте першим, хто поставить тег для цього запису!
|
MARC
| LEADER | 00000nam a2200000Ia 4500 | ||
|---|---|---|---|
| 008 | 170316s9999 xx 000 0 und d | ||
| 020 | |a 84-239-6814-6 | ||
| 040 | |a cru BVZT | ||
| 090 | |a R-413 R-1d T.2 ESP | ||
| 110 | |a Real Academia Española | ||
| 245 | |a Diccionario de la Lengua Española. Tomo II | ||
| 250 | |a 22 | ||
| 260 | |a Madrid, España | ||
| 260 | |b Espasa Calpe, S.A. | ||
| 260 | |c 2001 | ||
| 300 | |a xi, 2368 páginas Tomo II | ||
| 650 | 0 | |a REFERENCIA |9 27 | |
| 650 | 0 | |a DICCIONARIO |9 28 | |
| 650 | 0 | |a ESPAÑOL |9 48 | |
| 942 | |c REF |2 z | ||
| 999 | |c 14928 |d 14928 | ||



